header

The political economy of revenue-forecasting experience from low-income countries (Record no. 69561)

MARC details
000 -LEADER
fixed length control field 01547nam a2200349 a 4500
100 1# - MAIN ENTRY--AUTHOR NAME
Personal name Danninger, Stephan.
245 14 - TITLE STATEMENT
Title The political economy of revenue-forecasting experience from low-income countries
260 ## - PUBLICATION, DISTRIBUTION, ETC. (IMPRINT)
Place of publication Washington, D.C. :
Name of publisher International Monetary Fund, Fiscal Affairs Dept.,
Year of publication 2005.
300 ## - PHYSICAL DESCRIPTION
Number of Pages 30 p. :
Other physical details ill.
490 1# - SERIES STATEMENT
Series statement IMF working paper ;
500 ## - GENERAL NOTE
General note "January 2005."
650 #0 - SUBJECT ADDED ENTRY--TOPICAL TERM
Topical Term Tax revenue estimating
Topical Term Tax revenue estimating
700 1# - ADDED ENTRY--PERSONAL NAME
Personal name Cangiano, M.
Personal name Kyobe, Annette.
856 40 - ELECTRONIC LOCATION AND ACCESS
Uniform Resource Identifier http://site.ebrary.com/lib/rucke/Doc?id=10302876

No items available.

© 2026 Rongo University
Contact us: librarian | system librarian | Rongo university